| 000 | 00773cam a2200241 a 4500 | ||
|---|---|---|---|
| 001 | 000015785 | ||
| 003 | DO-SdBNP | ||
| 005 | 20231114130050.0 | ||
| 008 | 830226s1981 mx 000 0 spa d | ||
| 020 | _a9681608852 | ||
| 040 |
_aDO-SdBNP _bspa _cBNPHU |
||
| 082 | 4 |
_a330.972 _bB389t _222 |
|
| 100 | 1 |
_aBecerril, Rodolfo. _935531 |
|
| 245 | 1 | 0 |
_aTestimonios de hoy / _cRodolfo Becerril. |
| 260 |
_aMéxico : _bFondo de Cultura Económica, _c1981. |
||
| 300 |
_a184 p. ; _c17 cm. |
||
| 490 | 1 |
_aSEP/80, _v5 |
|
| 651 | 4 |
_aMéxico _xCondiciones económicas _91069 |
|
| 651 | 4 |
_aMéxico _xCondiciones sociales _y1970- _933089 |
|
| 651 | 4 |
_aMéxico _xPolítica y gobierno _y1970-1988. _918176 |
|
| 651 | 4 |
_aMéxico _xDependencia de países extranjeros _935532 |
|
| 942 |
_2ddc _cLBS1 |
||
| 999 |
_c15332 _d15332 |
||